[Event "Druga liga Srbije grupa Vojvod"]
[Site "Sombor"]
[Date "2009.09.30"]
[Round "5.1"]
[White "Balog, Imre"]
[Black "Toth, Aleksandar"]
[Result "1-0"]
[WhiteElo "2464"]
[BlackElo "2307"]
[PlyCount "89"]
[EventDate "2009.09.27"]

1. d4 d5 2. c4 e6 3. Nf3 Nf6 4. g3 Be7 5. Bg2 O-O 6. Qc2 dxc4 7. Qxc4 a6 8. Bf4
Nd5 9. Nc3 b5 10. Qd3 Bb7 11. Nxd5 Bxd5 12. Rc1 Bb4+ 13. Kf1 Bd6 14. Ng5 g6 15.
Bxd5 exd5 16. Kg2 Qf6 17. Bxd6 Qxd6 18. h4 f6 19. Nh3 c6 20. Rc3 Ra7 21. Nf4
Re7 22. Qc2 Re4 23. e3 Kg7 24. Nd3 Re7 25. a4 Rc8 26. a5 Ra7 27. Rc1 Rac7 28.
Nc5 Ra7 29. h5 Re7 30. Qd1 f5 31. Qf3 Qf6 32. hxg6 hxg6 33. Nd3 Rd8 34. Rh1 Re4
35. Nc5 Re7 36. Rcc1 Qg5 37. Rh2 Rh8 38. Rxh8 Kxh8 39. Nd3 Kg7 40. Kf1 Kf6 41.
Ke2 Qh5 42. Qxh5 gxh5 43. Rh1 Kg5 44. Kd2 Re6 45. Rxh5+ 1-0

[Event "Druga liga Srbije grupa Vojvod"]
[Site "Sombor"]
[Date "2009.09.30"]
[Round "5.1"]
[White "Munizaba, Slobodan"]
[Black "Dekic, Josip"]
[Result "1/2-1/2"]
[WhiteElo "2339"]
[BlackElo "2323"]
[PlyCount "55"]
[EventDate "2009.09.27"]

1. Nf3 Nf6 2. g3 g6 3. Bg2 Bg7 4. O-O O-O 5. c4 c6 6. d4 d5 7. cxd5 cxd5 8. Nc3
Ne4 9. Nxe4 dxe4 10. Ne5 Qd5 11. b3 f6 12. Nc4 Nc6 13. Bb2 f5 14. f3 Be6 15.
fxe4 fxe4 16. e3 Qg5 17. Rf4 Nb4 18. Bxe4 Nd5 19. Rxf8+ Rxf8 20. Qe2 b5 21. Na3
Nxe3 22. Qxb5 Nf5 23. Qd3 Nd6 24. Bg2 Bf5 25. Qe2 Bg4 26. Qd3 Bf5 27. Qe2 Bg4
28. Qd3 1/2-1/2

[Event "Druga liga Srbije grupa Vojvod"]
[Site "Sombor"]
[Date "2009.09.30"]
[Round "5.1"]
[White "Jotic, Vladimir"]
[Black "Krstic, Petar"]
[Result "0-1"]
[WhiteElo "2323"]
[BlackElo "2333"]
[PlyCount "87"]
[EventDate "2009.09.27"]

1. e4 e6 2. d4 d5 3. e5 c5 4. c3 Nc6 5. Nf3 Qb6 6. a3 Bd7 7. b4 cxb4 8. cxb4
Rc8 9. Bb2 Na5 10. Nbd2 Nc4 11. Nxc4 dxc4 12. Rc1 a5 13. Nd2 axb4 14. Nxc4 Rxc4
15. Bxc4 bxa3 16. Bc3 Ne7 17. O-O Bc6 18. Rb1 Qa7 19. Qb3 Nd5 20. Bb5 Qb6 21.
Bxc6+ Qxc6 22. Ba5 Be7 23. Rfc1 Qd7 24. Qxb7 Qxb7 25. Rxb7 O-O 26. Bc7 g5 27.
Rb8 a2 28. Rxf8+ Kxf8 29. Bd6 Bxd6 30. exd6 Ke8 31. Ra1 Nb4 32. Kf1 Kd7 33. Ke2
Nc2 34. Rxa2 Nxd4+ 35. Kd3 Nc6 36. Ra8 Kxd6 37. Rh8 Ne5+ 38. Kd2 Ke7 39. Rxh7
Ng6 40. Rh3 Nf4 41. Rg3 Kf6 42. Rg4 Kg6 43. h4 f6 44. hxg5 0-1

[Event "Druga liga Srbije grupa Vojvod"]
[Site "Sombor"]
[Date "2009.09.30"]
[Round "5.1"]
[White "Stajic, Petar"]
[Black "Tokovic, Svetozar"]
[Result "1/2-1/2"]
[WhiteElo "2193"]
[BlackElo "2236"]
[PlyCount "35"]
[EventDate "2009.09.27"]

1. Nf3 d5 2. g3 c6 3. Bg2 Bg4 4. O-O Nd7 5. d4 Ngf6 6. Nbd2 e6 7. c4 Bd6 8. b3
O-O 9. Bb2 Bxf3 10. Bxf3 Qe7 11. e4 dxe4 12. Nxe4 Nxe4 13. Bxe4 Nf6 14. Bg2 Ba3
15. Bc3 Bb4 16. Bb2 Ba3 17. Bc3 Bb4 18. Bb2 1/2-1/2

[Event "Druga liga Srbije grupa Vojvod"]
[Site "Sombor"]
[Date "2009.09.30"]
[Round "5.1"]
[White "Strangar, Zlatko"]
[Black "Zivkovic, Negosim"]
[Result "1-0"]
[WhiteElo "2192"]
[BlackElo "2240"]
[PlyCount "154"]
[EventDate "2009.09.27"]

1. e4 c5 2. Nc3 d6 3. f4 Nc6 4. Bc4 e6 5. Nf3 g6 6. O-O Bg7 7. d3 Nge7 8. Qe1
O-O 9. f5 d5 10. Bb3 gxf5 11. exd5 Nxd5 12. Nxd5 exd5 13. Bg5 Qd6 14. c3 d4 15.
c4 Ne5 16. Nxe5 Bxe5 17. Qh4 Re8 18. Ba4 Bd7 19. Bxd7 Qxd7 20. Qh3 Bg7 21. Rxf5
Re5 22. Raf1 Rxf5 23. Qxf5 Qxf5 24. Rxf5 b6 25. Rd5 f6 26. Bf4 Kf7 27. g4 Kg6
28. h4 Bf8 29. h5+ Kf7 30. Rd7+ Kg8 31. a4 Re8 32. Kf2 Re7 33. Rxe7 Bxe7 34.
Bb8 a6 35. Bc7 Kf7 36. Kf3 Ke6 37. Ke4 Bf8 38. Bxb6 Bd6 39. b3 Bf8 40. Bc7 Be7
41. Kf4 Kd7 42. Ba5 Ke6 43. Bd2 Bd6+ 44. Ke4 Be7 45. Bc1 Bd8 46. Bf4 Be7 47.
Bb8 Bf8 48. Bf4 Be7 49. Bd2 Bf8 50. g5 fxg5 51. Bxg5 Bd6 52. Bd8 Bf8 53. Bc7
Kd7 54. Bb8 Ke6 55. Kf4 Kf6 56. Kg4 Be7 57. Bg3 Ke6 58. Be1 Ke5 59. Bd2 Ke6 60.
Bg5 Bd6 61. Bd8 Bf8 62. Kg5 Ke5 63. Bc7+ Ke6 64. Ba5 Ke5 65. Bd2 Ke6 66. Be1
Ke5 67. Bg3+ Ke6 68. Bc7 Kd7 69. Be5 Ke6 70. Bh8 Bd6 71. Kh6 Kf5 72. Kxh7 Kg4
73. Kg6 Bf4 74. h6 Bxh6 75. Kxh6 Kf3 76. Bxd4 cxd4 77. c5 Ke3 1-0

[Event "Druga liga Srbije grupa Vojvod"]
[Site "Sombor"]
[Date "2009.09.30"]
[Round "5.3"]
[White "Elez, Nikola"]
[Black "Kotrla, Sebastijan"]
[Result "1-0"]
[WhiteElo "2179"]
[BlackElo "2052"]
[PlyCount "29"]
[EventDate "2009.09.27"]

1. e4 c6 2. Nc3 d5 3. Nf3 dxe4 4. Nxe4 Bf5 5. Ng3 Bg6 6. h4 h6 7. Ne5 Bh7 8.
Qh5 g6 9. Bc4 e6 10. Qe2 Qe7 11. d4 Nf6 12. Bd2 Nbd7 13. O-O-O Nb6 14. Bb3
O-O-O 15. Nxf7 1-0

[Event "Druga liga Srbije grupa Vojvod"]
[Site "Sombor"]
[Date "2009.09.30"]
[Round "5.3"]
[White "Kotrla, Stefan"]
[Black "Indjic, Aleksandar"]
[Result "1/2-1/2"]
[WhiteElo "1923"]
[BlackElo "2119"]
[PlyCount "136"]
[EventDate "2009.09.27"]

1. c4 g6 2. Nf3 Bg7 3. g3 e5 4. Nc3 Nc6 5. Bg2 Nge7 6. O-O O-O 7. d3 d6 8. Rb1
f5 9. Bd2 a5 10. a3 Bd7 11. b4 Qc8 12. b5 Nd8 13. Bg5 Bf6 14. Bxf6 Rxf6 15. c5
Nf7 16. cxd6 Rxd6 17. Nd2 Be6 18. Qc2 Rb8 19. Nc4 Bxc4 20. dxc4 Qe6 21. Nd5 Qd7
22. Nxe7+ Qxe7 23. Bd5 b6 24. Bxf7+ Kxf7 25. c5 Rd7 26. Qc4+ Qe6 27. Qxe6+ Kxe6
28. cxb6 cxb6 29. Rfc1 Rbd8 30. Rc6+ Rd6 31. Rbc1 Rxc6 32. Rxc6+ Rd6 33. Rc7 h6
34. h4 e4 35. Rh7 h5 36. Rc7 Ke5 37. Re7+ Kd4 38. Rc7 a4 39. Ra7 Kc5 40. Rxa4
Kxb5 41. Ra8 Kc4 42. a4 Kb4 43. Ra6 Kc5 44. e3 Rd1+ 45. Kg2 Ra1 46. Kh2 Kc6 47.
Ra7 Kd5 48. Ra6 Kc5 49. Kg2 Kc6 50. Ra7 Kc5 51. Ra6 Rd1 52. Ra7 Rd6 53. Rb7 Kc6
54. Ra7 Rd7 55. Ra8 Kb7 56. Rg8 Rd6 57. Kf1 Kc6 58. Ra8 Kc5 59. Ra7 Kc6 60. Kg2
Rd7 61. Ra8 Rg7 62. Kf1 Kb7 63. Rd8 Ka6 64. Ra8+ Kb7 65. Rd8 Ka6 66. Ra8+ Kb7
67. Rd8 Kc6 68. Ra8 Kc5 1/2-1/2

[Event "Druga liga Srbije grupa Vojvod"]
[Site "Sombor"]
[Date "2009.09.30"]
[Round "5.4"]
[White "Galyas, Miklos"]
[Black "Solodovnichenko, Yuri"]
[Result "1/2-1/2"]
[WhiteElo "2464"]
[BlackElo "2601"]
[PlyCount "46"]
[EventDate "2009.09.27"]

1. d4 g6 2. e4 Bg7 3. c4 c5 4. d5 d6 5. Nc3 e6 6. Bd3 exd5 7. cxd5 a6 8. a4 Ne7
9. h4 Nd7 10. Nf3 Nf6 11. Bg5 Bg4 12. Qd2 Bxf3 13. gxf3 Nh5 14. Ne2 f6 15. Be3
O-O 16. Ng3 Nxg3 17. fxg3 f5 18. O-O Qd7 19. Kg2 fxe4 20. fxe4 Rxf1 21. Bxf1
Qg4 22. Bf4 Be5 23. Qe2 Qd7 1/2-1/2

[Event "Druga liga Srbije grupa Vojvod"]
[Site "Sombor"]
[Date "2009.09.30"]
[Round "5.4"]
[White "Mozetic, Dejan"]
[Black "Vlahovic, Bogdan"]
[Result "1-0"]
[WhiteElo "2421"]
[BlackElo "2368"]
[PlyCount "135"]
[EventDate "2009.09.27"]

1. c4 f5 2. Nc3 Nf6 3. g3 e6 4. Bg2 Bb4 5. Qb3 a5 6. e3 Nc6 7. Nge2 O-O 8. O-O
Kh8 9. d3 Be7 10. a3 Qe8 11. Qc2 Bd8 12. d4 d6 13. d5 Ne5 14. b3 exd5 15. cxd5
Nf7 16. Nd4 Ng5 17. f3 h6 18. Bd2 Qf7 19. Nxf5 Nxd5 20. Nh4 Ne7 21. f4 Nh7 22.
f5 Nf6 23. Ne4 Ng4 24. f6 gxf6 25. Nxf6 Nxf6 26. Rxf6 Qxf6 27. Bc3 Nf5 28. Nxf5
Qxc3 29. Qxc3+ Bf6 30. Nd4 c5 31. Rf1 cxd4 32. Qc7 Be6 33. Qxd6 Rae8 34. exd4
Kg7 35. Kh1 Bc8 36. h4 Rd8 37. Rxf6 Rxd6 38. Rxd6 Re8 39. Rb6 Re1+ 40. Kh2 Re2
41. h5 Bf5 42. Kg1 Ra2 43. a4 Bc2 44. Bxb7 Rb2 45. Bd5 Bf5 46. g4 Bd3 47. Be6
Rd2 48. Bf5 Bxf5 49. gxf5 Rxd4 50. Rg6+ Kf7 51. Rxh6 Rb4 52. Ra6 Rxb3 53. Rxa5
Rh3 54. Rd5 Rxh5 55. a5 Rh3 56. Kf2 Ra3 57. Ke2 Kf6 58. Kd2 Rh3 59. Kc2 Rf3 60.
Kb2 Rh3 61. a6 Rh8 62. a7 Ra8 63. Ra5 Ke7 64. Ra6 Kd7 65. Kc3 Kc7 66. Kc4 Kb7
67. Kb5 Kc7 68. Rh6 1-0

[Event "Druga liga Srbije grupa Vojvod"]
[Site "Sombor"]
[Date "2009.09.30"]
[Round "5.4"]
[White "Radonjanin, Vlastimir"]
[Black "Mijatovic, Dejan"]
[Result "1/2-1/2"]
[WhiteElo "2289"]
[BlackElo "2283"]
[PlyCount "25"]
[EventDate "2009.09.27"]

1. c4 Nf6 2. Nc3 e6 3. d4 d5 4. Nf3 c6 5. e3 Nbd7 6. Bd3 Bd6 7. O-O O-O 8. e4
dxe4 9. Nxe4 Nxe4 10. Bxe4 h6 11. Qe2 e5 12. dxe5 Nxe5 13. Nxe5 1/2-1/2

[Event "Druga liga Srbije grupa Vojvod"]
[Site "Sombor"]
[Date "2009.09.30"]
[Round "5.4"]
[White "Sevo, Dusan"]
[Black "Bokan, Danko"]
[Result "0-1"]
[WhiteElo "2268"]
[BlackElo "2287"]
[PlyCount "52"]
[EventDate "2009.09.27"]

1. e4 e5 2. Nf3 Nc6 3. Bb5 f5 4. d3 fxe4 5. dxe4 Bb4+ 6. Bd2 Bxd2+ 7. Qxd2 Nf6
8. Nc3 O-O 9. Bc4+ Kh8 10. a3 d6 11. Ng5 Qe7 12. Nd5 Nxd5 13. Bxd5 Nd4 14. Rd1
Nxc2+ 15. Kf1 Nd4 16. Kg1 c6 17. Ba2 Bg4 18. Re1 Rf4 19. h4 Raf8 20. Re3 h6 21.
f3 Bh5 22. Rh3 hxg5 23. hxg5 Qxg5 24. g4 Nxf3+ 25. Rexf3 Rxg4+ 26. Kh1 Rxf3 0-1

[Event "Druga liga Srbije grupa Vojvod"]
[Site "Sombor"]
[Date "2009.09.30"]
[Round "5.5"]
[White "Svetushkin, Dmitry"]
[Black "Pavlik, Goran"]
[Result "1-0"]
[WhiteElo "2570"]
[BlackElo "2202"]
[PlyCount "91"]
[EventDate "2009.09.27"]

1. d4 d5 2. c4 e6 3. Nf3 Nf6 4. Nc3 Be7 5. Bf4 O-O 6. a3 Nbd7 7. Nb5 Ne8 8. e3
c5 9. cxd5 exd5 10. Be2 a6 11. Nc3 Nef6 12. O-O b5 13. dxc5 Nxc5 14. Nd4 Bb7
15. Nf5 Nce4 16. Rc1 Re8 17. Nxe4 dxe4 18. Rc7 Bd5 19. Qc2 Bf8 20. Rc1 g6 21.
Nd4 Bd6 22. Bxd6 Qxd6 23. Qc5 Rad8 24. Ra7 Qxc5 25. Rxc5 Rd6 26. Rcc7 Rb8 27.
g4 h6 28. h4 Rbd8 29. Kg2 R8d7 30. Kg3 Rxc7 31. Rxc7 Rd7 32. Rc8+ Kg7 33. g5
hxg5 34. hxg5 Nh7 35. Bg4 Re7 36. Kf4 f6 37. gxf6+ Kxf6 38. Rc5 Bb7 39. Bc8
Bxc8 40. Rxc8 g5+ 41. Kg4 Kg6 42. Rg8+ Kf7 43. Ra8 Kg6 44. Rxa6+ Nf6+ 45. Kg3
Rb7 46. b4 1-0

[Event "Druga liga Srbije grupa Vojvod"]
[Site "Sombor"]
[Date "2009.09.30"]
[Round "5.5"]
[White "Nestorovic, Nikola"]
[Black "Pletl, Akos"]
[Result "1/2-1/2"]
[WhiteElo "2412"]
[BlackElo "2219"]
[PlyCount "127"]
[EventDate "2009.09.27"]

1. e4 c5 2. Nf3 e6 3. d4 cxd4 4. Nxd4 Nf6 5. Nc3 Qb6 6. Nb3 Bb4 7. Bd3 Bxc3+ 8.
bxc3 d6 9. O-O O-O 10. Be3 Qc7 11. f4 e5 12. fxe5 dxe5 13. Rxf6 gxf6 14. Qf3 f5
15. Bh6 f4 16. Bxf8 Kxf8 17. g3 fxg3 18. Qxg3 Be6 19. Rf1 Nd7 20. Rf3 Qd8 21.
Rf2 a6 22. Rg2 Rc8 23. Qg7+ Ke7 24. Qxh7 Qb6+ 25. Kf1 a5 26. Qh4+ Kd6 27. a4
Rxc3 28. Rd2 Kc7 29. Bb5 Bh3+ 30. Ke2 Qg1 31. Rxd7+ Bxd7 32. Bd3 Qg4+ 33. Qxg4
Bxg4+ 34. Kd2 Rc6 35. Nxa5 Rh6 36. Nc4 Rxh2+ 37. Kc3 f6 38. a5 Be2 39. Ne3 Bxd3
40. cxd3 Rf2 41. Kc4 Kc6 42. Nd5 Rf1 43. Ne3 Re1 44. Nd5 Rc1+ 45. Kb4 Rf1 46.
Kc4 Kd6 47. Ne3 Ra1 48. Kb4 Ke6 49. Nf5 Kf7 50. Nd6+ Ke6 51. Nf5 Rf1 52. Kc4
Rb1 53. Ng7+ Kd6 54. Nf5+ Kd7 55. Ne3 b5+ 56. Kc5 Kc7 57. a6 Kb8 58. Kb6 Ra1
59. Nd5 Ra3 60. Nb4 Ka8 61. Nd5 Kb8 62. Nb4 Ka8 63. Nd5 Kb8 64. Nb4 1/2-1/2

[Event "Druga liga Srbije grupa Vojvod"]
[Site "Sombor"]
[Date "2009.09.30"]
[Round "5.5"]
[White "Guzsvany, Arpad"]
[Black "Kosanovic, Goran A"]
[Result "1-0"]
[WhiteElo "2130"]
[BlackElo "2371"]
[PlyCount "88"]
[EventDate "2009.09.27"]

1. d4 Nf6 2. c4 c5 3. d5 e5 4. Nc3 d6 5. e4 Be7 6. Nf3 O-O 7. Be2 Nbd7 8. O-O
Ne8 9. Ne1 Bg5 10. Nd3 Bxc1 11. Qxc1 Nb6 12. b3 g6 13. f4 f6 14. fxe5 fxe5 15.
Rxf8+ Kxf8 16. Qh6+ Kg8 17. Rf1 Qe7 18. h4 Bd7 19. Rf3 Qg7 20. Qe3 Nf6 21. Rg3
h6 22. a4 Rf8 23. a5 Nc8 24. b4 b6 25. axb6 axb6 26. b5 Kh7 27. Nf2 Qe7 28. Ng4
Nxg4 29. Bxg4 Bxg4 30. Rxg4 Qf6 31. Qe1 h5 32. Rg5 Qf4 33. Na2 Ne7 34. Nc1 Ng8
35. Nd3 Qf6 36. Qf2 Qg7 37. Qe2 Nh6 38. Nf2 Qa7 39. Rg3 Rf4 40. Rf3 Qa1+ 41.
Qf1 Qb2 42. Rxf4 exf4 43. Nh3 Qd4+ 44. Kh1 Qxe4 1-0

[Event "Druga liga Srbije grupa Vojvod"]
[Site "Sombor"]
[Date "2009.09.30"]
[Round "5.6"]
[White "Bodiroga, Predrag"]
[Black "Popovic, Milos T"]
[Result "0-1"]
[WhiteElo "2410"]
[BlackElo "2401"]
[PlyCount "50"]
[EventDate "2009.09.27"]

1. d4 Nf6 2. c4 e6 3. Nf3 b6 4. g3 Bb7 5. Bg2 c5 6. O-O cxd4 7. Qxd4 Nc6 8. Qf4
Ne7 9. Nc3 Ng6 10. Qd2 Bb4 11. Qc2 Rc8 12. Qa4 Bxc3 13. bxc3 Qc7 14. Rb1 Bc6
15. Qa3 Bxf3 16. Bxf3 Ne5 17. Bf4 Nxf3+ 18. exf3 Qxc4 19. Bd6 Nd5 20. Kg2 a5
21. Rfe1 f5 22. Be5 Kf7 23. Rbd1 Rhd8 24. Rd4 Qxc3 25. Qxc3 Nxc3 0-1

[Event "Druga liga Srbije grupa Vojvod"]
[Site "Sombor"]
[Date "2009.09.30"]
[Round "5.6"]
[White "Radlovacki, Jovan"]
[Black "Lalic, Dragan"]
[Result "1/2-1/2"]
[WhiteElo "2379"]
[BlackElo "2353"]
[PlyCount "28"]
[EventDate "2009.09.27"]

1. e4 d6 2. d4 Nf6 3. Nc3 g6 4. Bg5 c6 5. Qd2 b5 6. Bd3 Nbd7 7. Nf3 Bg7 8. Bh6
O-O 9. Bxg7 Kxg7 10. e5 dxe5 11. dxe5 Ng4 12. Qf4 Ndxe5 13. Nxe5 Qd6 14. Nxg6
hxg6 1/2-1/2

[Event "Druga liga Srbije grupa Vojvod"]
[Site "Sombor"]
[Date "2009.09.30"]
[Round "5.6"]
[White "Damjanovic, Dragan"]
[Black "Kostic, Vladimir V"]
[Result "1/2-1/2"]
[WhiteElo "2255"]
[BlackElo "2296"]
[PlyCount "186"]
[EventDate "2009.09.27"]

1. d4 f5 2. g3 g6 3. Bg2 Nf6 4. c4 Bg7 5. Nf3 d6 6. O-O O-O 7. Nc3 Qe8 8. d5
Na6 9. Rb1 Nc5 10. Nb5 Qd8 11. b4 Nce4 12. Qb3 e5 13. dxe6 Bxe6 14. Nfd4 Bf7
15. f3 c6 16. Na3 Nd7 17. fxe4 Bxd4+ 18. e3 Bg7 19. exf5 Ne5 20. Bb2 Qg5 21.
fxg6 Qxg6 22. Rbd1 a6 23. Rd2 Rac8 24. Qd1 Qg5 25. Rxd6 Qxe3+ 26. Kh1 Qg5 27.
Bc1 Qh5 28. Qxh5 Bxh5 29. Bf4 Bf7 30. Rd4 Ng6 31. Re4 Rfe8 32. Bc1 Rxe4 33.
Bxe4 Rd8 34. b5 axb5 35. cxb5 Bxa2 36. bxc6 bxc6 37. Bxc6 Bb3 38. Bf3 Bf8 39.
Nb1 Ne5 40. Bg2 Nd3 41. Bg5 Re8 42. Nd2 Bf7 43. Ne4 Be7 44. Nf6+ Bxf6 45. Bxf6
Re1 46. Rxe1 Nxe1 47. Be4 Bg6 48. Bd5+ Bf7 49. Be4 Bg6 50. Bc6 Nd3 51. Bd4 Nb4
52. Bf3 Kf7 53. g4 Ke6 54. Kg2 Nd5 55. Kg3 Ne7 56. Bb2 Kf7 57. Kf4 h6 58. Be2
Bc2 59. Bc4+ Kg6 60. Ba3 Nc6 61. Bc5 Nd8 62. h4 h5 63. gxh5+ Kxh5 64. Be7 Nc6
65. Be2+ Kg6 66. Bc5 Nd8 67. h5+ Kh7 68. Ke5 Nf7+ 69. Kf6 Nh8 70. Bf8 Bb1 71.
Bb5 Bc2 72. Be8 Bb1 73. Bb4 Bc2 74. Ke7 Bb1 75. Kf8 Ng6+ 76. hxg6+ Bxg6 77. Bd7
Kh6 78. Bd2+ Kh5 79. Kg7 Be4 80. Kf6 Kh4 81. Ke5 Bf3 82. Kf4 Be2 83. Bf5 Bd1
84. Bc3 Kh5 85. Bd7 Bc2 86. Bf6 Kg6 87. Ke5 Kh5 88. Be7 Bd3 89. Be8+ Kg4 90.
Bd7+ Kg3 91. Kd4 Bf1 92. Ke3 Kh2 93. Kf2 Bg2 1/2-1/2

[Event "Druga liga Srbije grupa Vojvod"]
[Site "Sombor"]
[Date "2009.09.30"]
[Round "5.6"]
[White "Orlov, Konstantin"]
[Black "Strbac, Mladen"]
[Result "1/2-1/2"]
[WhiteElo "2267"]
[BlackElo "2259"]
[PlyCount "116"]
[EventDate "2009.09.27"]

1. d4 e6 2. c4 Nf6 3. Nc3 c5 4. d5 exd5 5. cxd5 d6 6. e4 g6 7. Be2 Bg7 8. Nf3
O-O 9. O-O a6 10. a4 Nbd7 11. Bf4 Ne8 12. Nd2 g5 13. Be3 Ne5 14. Nf3 Nxf3+ 15.
Bxf3 b6 16. Be2 Ra7 17. Bd3 f5 18. exf5 Bxf5 19. Bxf5 Rxf5 20. Qd3 Qc8 21. Ne4
h6 22. Rac1 Rc7 23. b3 Be5 24. Rc2 Nf6 25. Nxf6+ Rxf6 26. Rfc1 Kg7 27. b4 Bf4
28. a5 Bxe3 29. Qxe3 bxa5 30. bxc5 Qf5 31. Qd2 dxc5 32. Rxc5 Rd7 33. Rxa5 Rfd6
34. Qd4+ Qf6 35. Qxf6+ Kxf6 36. g3 Rxd5 37. Rxd5 Rxd5 38. Rc6+ Kf5 39. Rxa6 h5
40. h3 h4 41. gxh4 gxh4 42. Ra4 Kg5 43. Kg2 Rd3 44. Rg4+ Kh5 45. Re4 Kg5 46.
Re5+ Kg6 47. Re3 Rd4 48. Kf3 Kf5 49. Rc3 Rf4+ 50. Kg2 Kg5 51. Rc5+ Kg6 52. Rd5
Kf6 53. Rh5 Kg6 54. Rh8 Kg7 55. Re8 Kf7 56. Re3 Kg6 57. Ra3 Kh6 58. f3 Rb4
1/2-1/2

[Event "Druga liga Srbije grupa Vojvod"]
[Site "Sombor"]
[Date "2009.09.30"]
[Round "5.1"]
[White "Bogosavljevic, Boban"]
[Black "Roganovic, Milos"]
[Result "0-1"]
[WhiteElo "2528"]
[BlackElo "2474"]
[PlyCount "102"]
[EventDate "2009.09.27"]

1. d4 Nf6 2. c4 g6 3. Nc3 d5 4. Qb3 dxc4 5. Qxc4 Bg7 6. e4 O-O 7. Be2 Nc6 8.
Nf3 Bg4 9. Be3 Bxf3 10. gxf3 e5 11. dxe5 Nxe5 12. Qb5 Nh5 13. Qd5 Qf6 14. O-O-O
Nf4 15. Bxf4 Qxf4+ 16. Qd2 Qh4 17. Kb1 Qxf2 18. f4 Nc6 19. e5 Rad8 20. Qc1 Bh6
21. Rhf1 Rxd1 22. Qxd1 Qxh2 23. Nd5 Rd8 24. Bf3 Kg7 25. Rh1 Qf2 26. f5 gxf5 27.
Qd3 Nxe5 28. Qc3 f6 29. Nxc7 Rd3 30. Ne8+ Kg6 31. Bh5+ Kg5 32. Qc1+ Qe3 33. Qc2
Ng4 34. Ka1 Rd2 35. Qc1 Rf2 36. Qd1 Qe2 37. Qc1+ Qd2 38. Qb1 Qc2 39. Qxc2 Rxc2
40. Nd6 Rh2 41. Rxh2 Nxh2 42. Be2 Bf8 43. Nxb7 f4 44. Nd8 f3 45. Bc4 Kh4 46.
Nc6 Bc5 47. b4 Be3 48. a4 f2 49. b5 f1=Q+ 50. Bxf1 Nxf1 51. a5 Nd2 0-1

[Event "Druga liga Srbije grupa Vojvod"]
[Site "Sombor"]
[Date "2009.09.30"]
[Round "5.3"]
[White "Indjic, Dusan"]
[Black "Cirjanic, Velibor"]
[Result "1-0"]
[WhiteElo "2324"]
[BlackElo "2186"]
[PlyCount "79"]
[EventDate "2009.09.27"]

1. d4 Nf6 2. Nf3 e6 3. Bg5 Be7 4. Nbd2 b6 5. e4 d6 6. Bb5+ Nfd7 7. Bxe7 Qxe7 8.
Qe2 O-O 9. O-O Bb7 10. Bd3 e5 11. c3 Nc6 12. d5 Nd8 13. c4 a5 14. b3 f5 15. a3
Nf7 16. b4 Rfe8 17. Nb3 axb4 18. axb4 Qf8 19. c5 dxc5 20. Bb5 Qe7 21. bxc5 bxc5
22. Bxd7 Qxd7 23. Nxc5 Qc8 24. Qb2 Ba6 25. Rfc1 Nd6 26. Ne6 Re7 27. Nd2 Bd3 28.
Rxa8 Qxa8 29. f3 Qa7+ 30. Kh1 Qf2 31. Nc4 Qa7 32. Nxd6 cxd6 33. h4 h5 34. Kh2
Rb7 35. Rc8+ Kh7 36. Qd2 Rb1 37. Kg3 Qg1 38. Rc7 Qe1+ 39. Qxe1 Rxe1 40. Nxg7
1-0

[Event "Druga liga Srbije grupa Vojvod"]
[Site "Sombor"]
[Date "2009.09.30"]
[Round "5.4"]
[White "Vlatkovic, Milos"]
[Black "Miranovic, Rajko"]
[Result "1/2-1/2"]
[WhiteElo "2302"]
[BlackElo "2385"]
[PlyCount "106"]
[EventDate "2009.09.27"]

1. d4 d5 2. c4 e6 3. Nc3 Be7 4. cxd5 exd5 5. Bf4 c6 6. e3 Bf5 7. Nge2 Nd7 8. h3
Nb6 9. Nc1 Nf6 10. Be2 O-O 11. O-O Bd6 12. Bxd6 Qxd6 13. Nd3 Rae8 14. Nc5 Re7
15. Bd3 Bxd3 16. Qxd3 Rfe8 17. b3 Qc7 18. Rac1 Nc8 19. b4 Nd6 20. b5 g6 21.
bxc6 bxc6 22. Rb1 Nd7 23. Nxd7 Qxd7 24. Na4 Nc4 25. Nc5 Qd8 26. Rb4 Qa5 27. Ra4
Qc7 28. Rb4 Qa5 29. Rfb1 Qxa2 30. Ra4 Qd2 31. Qxd2 Nxd2 32. Rba1 Rb8 33. R4a2
Rb1+ 34. Rxb1 Nxb1 35. Na4 Rb7 36. Kf1 Rb3 37. Ke2 Ra3 38. Rxa3 Nxa3 39. Nc5
Nb5 40. Na6 Kf8 41. Nb8 Ke7 42. Nxc6+ Kd6 43. Nd8 f5 44. Kd3 Kd7 45. Nb7 Kc7
46. Nc5 Kc6 47. Ne6 g5 48. f3 a5 49. Kc2 a4 50. Nc5 a3 51. Kb3 f4 52. Ne6 h6
53. g3 Kd6 1/2-1/2

[Event "Druga liga Srbije grupa Vojvod"]
[Site "Sombor"]
[Date "2009.09.30"]
[Round "5.4"]
[White "Jovic, Stevan"]
[Black "Levnajic, Pavle"]
[Result "0-1"]
[WhiteElo "2284"]
[BlackElo "2245"]
[PlyCount "102"]
[EventDate "2009.09.27"]

1. d4 Nf6 2. c4 e6 3. Nc3 Bb4 4. e3 O-O 5. Bd3 d5 6. Nf3 dxc4 7. Bxc4 c5 8. O-O
cxd4 9. exd4 Nbd7 10. a3 Bxc3 11. bxc3 b6 12. Bd3 Bb7 13. h3 Qc7 14. Bb2 Be4
15. Be2 Qb7 16. c4 Rfd8 17. Qb3 Rac8 18. Rfd1 Nf8 19. Rac1 Ng6 20. Qe3 Bc6 21.
Ne1 Ba4 22. Bf3 Qa6 23. Rd2 b5 24. c5 Nd5 25. Bxd5 exd5 26. g3 Qf6 27. Re2 b4
28. axb4 Bb5 29. Rec2 Re8 30. Qa3 Qf5 31. Ng2 Qxh3 32. Qf3 Re4 33. Ne3 Bd3 34.
Rd2 Nf4 35. Nxd5 Rce8 36. Ne3 Ne2+ 37. Rxe2 Bxe2 38. Qxe2 Rxe3 39. fxe3 Qxg3+
40. Qg2 Qxe3+ 41. Kh1 Re4 42. Qh2 Qf3+ 43. Qg2 Rh4+ 44. Kg1 Qe3+ 45. Qf2 Rh1+
46. Kxh1 Qxf2 47. c6 Qxb2 48. Rc5 Qxd4 49. c7 Qh4+ 50. Kg2 Qg4+ 51. Kf2 Qc8 0-1

[Event "Druga liga Srbije grupa Vojvod"]
[Site "Sombor"]
[Date "2009.09.30"]
[Round "5.5"]
[White "Tancik, Kristijan"]
[Black "Djuric, Stefan"]
[Result "0-1"]
[WhiteElo "2251"]
[BlackElo "2414"]
[PlyCount "68"]
[EventDate "2009.09.27"]

1. d4 Nf6 2. c4 g6 3. Nc3 d5 4. Bg5 Ne4 5. Bh4 c6 6. e3 Bg7 7. Qb3 dxc4 8. Bxc4
Nd6 9. Be2 Nd7 10. Nf3 Nf6 11. O-O O-O 12. Bg3 Be6 13. Qc2 Bf5 14. Qb3 Qb6 15.
Qxb6 axb6 16. Be5 b5 17. a3 Rfd8 18. Nd2 Bh6 19. Rfd1 Ng4 20. Bg3 b4 21. Ncb1
Nf6 22. Nc4 Nxc4 23. Bxc4 c5 24. Bc7 Rdc8 25. Be5 cxd4 26. Rxd4 Ng4 27. Rxg4
Bxg4 28. Nd2 Ra5 29. Bd4 bxa3 30. bxa3 Ra4 31. Bd5 Rxd4 32. exd4 Bxd2 33. Bxb7
Rb8 34. Bc6 Bc3 0-1

[Event "Druga liga Srbije grupa Vojvod"]
[Site "Sombor"]
[Date "2009.09.30"]
[Round "5.5"]
[White "Klasan, Vladimir"]
[Black "Gabric, Goran"]
[Result "1-0"]
[WhiteElo "2320"]
[BlackElo "2116"]
[PlyCount "83"]
[EventDate "2009.09.27"]

1. e4 d5 2. exd5 Nf6 3. Bb5+ Bd7 4. Be2 Nxd5 5. d4 Bf5 6. Nf3 g6 7. O-O Bg7 8.
c4 Nb6 9. Nc3 O-O 10. Qb3 Qc8 11. Bf4 c6 12. Rfe1 N8d7 13. Bf1 c5 14. d5 Qd8
15. a4 a5 16. h3 Nb8 17. Rad1 Bd7 18. Nb5 Na6 19. d6 e6 20. Nc7 Nb4 21. Nb5 Rc8
22. Ne5 Bxb5 23. axb5 Nd7 24. Nxd7 Qxd7 25. Bd2 Bd4 26. Bxb4 axb4 27. Rxd4 cxd4
28. Qxb4 b6 29. Re4 d3 30. Rd4 Rc5 31. Rxd3 Rd8 32. Rd1 Qc8 33. Qc3 e5 34. Qd3
Qe6 35. b4 e4 36. Qd4 Rf5 37. Qxb6 Rd7 38. Qd4 e3 39. fxe3 Rf6 40. c5 Qf5 41.
e4 Qe6 42. Bc4 1-0

[Event "Druga liga Srbije grupa Vojvod"]
[Site "Sombor"]
[Date "2009.09.30"]
[Round "5.5"]
[White "Cabarkapa, Novak"]
[Black "Nestorovic, Lazar"]
[Result "0-1"]
[WhiteElo "2033"]
[BlackElo "2259"]
[PlyCount "60"]
[EventDate "2009.09.27"]

1. e4 c5 2. Nf3 e6 3. c4 Nc6 4. Nc3 e5 5. Be2 d6 6. d3 g6 7. Nd5 h6 8. Be3 Bg7
9. Qd2 f5 10. exf5 gxf5 11. g3 Nf6 12. Nh4 Be6 13. Nxf6+ Qxf6 14. Bh5+ Kd7 15.
Ng2 Rhg8 16. Rb1 f4 17. gxf4 Bh8 18. fxe5 Qxe5 19. Nf4 Nd4 20. Kd1 Bxc4 21.
Bxd4 Qxd4 22. b4 Raf8 23. bxc5 Rxf4 24. Rxb7+ Kc8 25. Qb4 Qxd3+ 26. Kc1 Qc3+
27. Qxc3 Bxc3 28. Rxa7 Kb8 29. Ra3 Bb4 30. Ra4 Bxc5 0-1

[Event "Druga liga Srbije grupa Vojvod"]
[Site "Sombor"]
[Date "2009.09.30"]
[Round "5.6"]
[White "Andrijevic, Milan"]
[Black "Somborski, Nebojsa"]
[Result "1/2-1/2"]
[WhiteElo "2377"]
[BlackElo "2379"]
[PlyCount "48"]
[EventDate "2009.09.27"]

1. e4 e5 2. Nf3 Nc6 3. Bb5 a6 4. Ba4 Nf6 5. O-O Be7 6. Re1 b5 7. Bb3 O-O 8. h3
Bb7 9. d3 d5 10. exd5 Nxd5 11. Nxe5 Nd4 12. Nc3 Nxb3 13. axb3 Nb4 14. Ne4 Qd5
15. Nf3 f5 16. Neg5 Bd6 17. Bd2 Rae8 18. h4 h6 19. Nh3 Rxe1+ 20. Bxe1 f4 21.
Bxb4 Bxb4 22. c4 Qh5 23. d4 Bc8 24. Kh2 Be7 1/2-1/2